| 000 | 00780nam a2200241 a 4500 | ||
|---|---|---|---|
| 001 | 64611 | ||
| 003 | BD-RjUL | ||
| 005 | 20211209081328.0 | ||
| 008 | 170216s1946 e 001 0 eng | ||
| 035 | _a(BD-RjUL)64741 | ||
| 040 |
_aDLC _cFJ _dBD-RjUL _beng |
||
| 041 | _aeng | ||
| 082 |
_a980 _223 _bHUE 1946 |
||
| 100 | 1 |
_aHumphreys, R. A. _q(Robert Arthur), _d1907- _9191628 |
|
| 245 | 1 | 4 |
_aThe evolution of modern Latin America / _c[by] Robin A. Humphreys ... |
| 260 |
_aNew York : _bOxford university press, _c1946. |
||
| 300 |
_a176 p. : _bill, ; _c21 cm. |
||
| 500 | _aInclude index | ||
| 651 | 0 |
_aLatin America _xHistory _y1830- _9191629 |
|
| 651 | 0 |
_aLatin America _xPolitics and government. _9172002 |
|
| 651 | 0 |
_aLatin America _xForeign relations. _9191630 |
|
| 942 |
_2ddc _cBK |
||
| 999 |
_c64611 _d64611 |
||